<?xml version='1.0' encoding='UTF-8'?>
  <record xmlns="http://www.loc.gov/MARC21/slim">
    <leader>00000cam a22000003c 4500</leader>
    <controlfield tag="001">ocn902463894</controlfield>
    <controlfield tag="003">OCoLC</controlfield>
    <controlfield tag="005">20250104013850.2</controlfield>
    <controlfield tag="008">941115s1887    ne            000 u dut d</controlfield>
    <datafield tag="040" ind1=" " ind2=" ">
      <subfield code="a">BEATB</subfield>
      <subfield code="b">dut</subfield>
      <subfield code="c">BEATB</subfield>
      <subfield code="d">OCLCL</subfield>
      <subfield code="d">OCLCQ</subfield>
    </datafield>
    <datafield tag="029" ind1="1" ind2=" ">
      <subfield code="a">NLGGC</subfield>
      <subfield code="b">257655301</subfield>
    </datafield>
    <datafield tag="035" ind1=" " ind2=" ">
      <subfield code="a">(OCoLC)902463894</subfield>
    </datafield>
    <datafield tag="100" ind1="1" ind2=" ">
      <subfield code="a">Moltzer, Henri Ernest</subfield>
      <subfield code="4">aut</subfield>
    </datafield>
    <datafield tag="245" ind1="1" ind2="0">
      <subfield code="a">Levensbericht van W.J.A. Jonckbloet</subfield>
      <subfield code="c">Henri Ernest Moltzer.</subfield>
    </datafield>
    <datafield tag="260" ind1=" " ind2=" ">
      <subfield code="a">Amsterdam</subfield>
      <subfield code="b">Müller</subfield>
      <subfield code="c">1887</subfield>
    </datafield>
    <datafield tag="340" ind1=" " ind2=" ">
      <subfield code="a">papier</subfield>
    </datafield>
    <datafield tag="500" ind1=" " ind2=" ">
      <subfield code="a">Overdruk uit aarboek der Koninklijke Akademie van Wetenschappen. - 1886</subfield>
    </datafield>
    <datafield tag="600" ind1="1" ind2="4">
      <subfield code="a">Jonckbloet, Willem Jozef Andries</subfield>
      <subfield code="0">(BE-AnANE)a::920.23587:1</subfield>
    </datafield>
    <datafield tag="758" ind1=" " ind2=" ">
      <subfield code="a">Levensbericht van W.J.A. Jonckbloet (Text)</subfield>
      <subfield code="1">https://id.oclc.org/worldcat/entity/E39PCYhkk4qFKxxfMxhhJgvXxC</subfield>
      <subfield code="4">https://id.oclc.org/worldcat/ontology/hasWork</subfield>
    </datafield>
    <datafield tag="936" ind1=" " ind2=" ">
      <subfield code="a">BATCHLOAD</subfield>
    </datafield>
  </record>